000 00196 a2200109 4500
020 _a9788425214387
041 _aspa
100 _aDale Russell
245 _aAmarillo
942 _cBK
952 _71
999 _c22617
_d22617